000 00688nam a2200241Ia 4500
003 OSt
005 20220925233717.0
006 a|||||r|||| 00| 0
007 ta
008 220923b |||||||| |||| 00| 0 eng d
020 _a8174888616
037 _cGeneral Book
040 _aRTL
_cRTL
_beng
041 _2eng
_aeng
082 _aX9(J3):321.2.N9, N8
245 0 _aManagement of public distribution system
260 _a New Delhi
_bAnmol Publications
_c1998
300 _axii, 302p Bibliography: P 275-302
_ccm.
650 _a Food
_934025
650 _aAgricultural Economics
942 _hX9(J3):321.2.N9, N8
_cGB
_2CC
999 _c594391
_d594391